000 00489nam a2200181Ia 4500
005 20250508152633.0
008 008 250505s9999 xx 000 0 eng d
037 _aTextual
040 _aFEDL
_beng
_cFEDL
041 _aeng
_2eng
084 _a301.34, DEY
_qFEDL
100 _aDey S. K.
245 0 _aCommunity development. 2 vols
260 _aAllahabad, India
_bKitab Mahal
_c1960
650 _aSociology
942 _cTEXL
_h301.34, DEY
999 _c1337752
_d1337752